Ratcheting behavior of defected pressurized pipes under cyclic moment / (رقم التسجيلة. 178456)

تفاصيل مارك
000 -LEADER
fixed length control field 03525namaa22004451i 4500
003 - CONTROL NUMBER IDENTIFIER
control field EG-GICUC
005 - أخر تعامل مع التسجيلة
control field 20260225101619.0
008 - FIXED-LENGTH DATA ELEMENTS--GENERAL INFORMATION
fixed length control field 260214s2025 ua a|||frm||| 000 0 eng d
040 ## - CATALOGING SOURCE
Original cataloguing agency EG-GICUC
Language of cataloging eng
Transcribing agency EG-GICUC
Modifying agency EG-GICUC
Description conventions rda
041 0# - LANGUAGE CODE
Language code of text/sound track or separate title eng
Language code of summary or abstract eng
-- ara
049 ## - Acquisition Source
Acquisition Source Deposit
082 04 - DEWEY DECIMAL CLASSIFICATION NUMBER
Classification number 621.8
092 ## - LOCALLY ASSIGNED DEWEY CALL NUMBER (OCLC)
Classification number 621.8
Edition number 21
097 ## - Degree
Degree M.Sc
099 ## - LOCAL FREE-TEXT CALL NUMBER (OCLC)
Local Call Number Cai01.13.13.Ph.D.2025.Ma.R
100 0# - MAIN ENTRY--PERSONAL NAME
Authority record control number or standard number Mark Nassef Naguib Youssef,
Preparation preparation.
245 10 - TITLE STATEMENT
Title Ratcheting behavior of defected pressurized pipes under cyclic moment /
Statement of responsibility, etc. by Mark Nassef Naguib Youssef ; Supervisors Prof. Mohammad M. Megahed, Prof. Dr. Chahinaz A. Saleh, Dr. Sahour N. Sayed.
246 15 - VARYING FORM OF TITLE
Title proper/short title تصعيد الانفعال اللدن للأنابيب المعيبة المنضغطة تحت التحميل بالعزوم الدورية
264 #0 - PRODUCTION, PUBLICATION, DISTRIBUTION, MANUFACTURE, AND COPYRIGHT NOTICE
Date of production, publication, distribution, manufacture, or copyright notice 2025.
300 ## - PHYSICAL DESCRIPTION
Extent 140 pages :
Other physical details illustrations ;
Dimensions 30 cm. +
Accompanying material CD.
336 ## - CONTENT TYPE
Content type term text
Source rda content
337 ## - MEDIA TYPE
Media type term Unmediated
Source rdamedia
338 ## - CARRIER TYPE
Carrier type term volume
Source rdacarrier
502 ## - DISSERTATION NOTE
Dissertation note Thesis (Ph.D)-Cairo University, 2025.
504 ## - BIBLIOGRAPHY, ETC. NOTE
Bibliography, etc. note Bibliography: pages 131-140.
520 #3 - SUMMARY, ETC.
Summary, etc. This thesis investigates the ratcheting and shakedown behavior of defected <br/>pressurized pipelines under cyclic loading. A combined experimental and FE <br/>approach was employed to analyze the effects of defect geometry and loading <br/>conditions. The FE models were validated against the experimentally recorded <br/>outcomes revealing adequate correlation, achieving acceptable accuracy. Extensive <br/>parametric studies and logistic regression analyses were conducted to predict <br/>failure mechanisms. The findings provide valuable insights into structural integrity <br/>assessment and pipeline durability under cyclic stresses.
520 #3 - SUMMARY, ETC.
Summary, etc. تُستخدم المواسير في تطبيقات صناعية حساسة مثل المحطات النووية والبتروكيميائية، حيث تتعرض لأحمال دورية قد تؤدي إلى دخولها في مرحلة اللدونة، خاصة مع وجود عيوب مثل الصدأ. الدراسات السابقة ركزت على المواسير السليمة، لكن هذه الدراسة تتناول سلوك المواسير المضغوطة التي تحتوي على عيوب وتتعرض لعزوم دورية. تم إعداد نموذج ثلاثي الأبعاد باستخدام Abaqus لمحاكاة هذا السلوك، مع تصميم جهاز اختبار خاص. كما تم اختبار خصائص مادة ماسورة 2 بوصة عمليًا واستخدامها في النمذجة. تهدف الدراسة إلى تحليل تأثير العيوب المختلفة على حدود التصعيد والسلوك اللدن.
530 ## - ADDITIONAL PHYSICAL FORM AVAILABLE NOTE
Issues CD Issues also as CD.
546 ## - LANGUAGE NOTE
Text Language Text in English and abstract in Arabic & English.
650 #0 - SUBJECT ADDED ENTRY--TOPICAL TERM
Topical term or geographic name entry element Mechanical Design
650 #0 - SUBJECT ADDED ENTRY--TOPICAL TERM
Topical term or geographic name entry element التصميم الميكانيكي
653 #1 - INDEX TERM--UNCONTROLLED
Uncontrolled term Ratcheting
-- Shakedown
-- Pressurized Pipes
-- Cyclic Moment
-- المواسير المضغوطة
-- العيوب
700 0# - ADDED ENTRY--PERSONAL NAME
Personal name Mohammad M. Megahed
Relator term thesis advisor.
700 0# - ADDED ENTRY--PERSONAL NAME
Personal name Chahinaz A. Saleh
Relator term thesis advisor.
700 0# - ADDED ENTRY--PERSONAL NAME
Personal name Sahour N. Sayed
Relator term thesis advisor.
900 ## - Thesis Information
Grant date 01-01-2025
Supervisory body Mohammad M. Megahed
-- Chahinaz A. Saleh
-- Sahour N. Sayed
Discussion body Laila S. Bayoumi
-- Hany F. Abdallah
Universities Cairo University
Faculties Faculty of Engineering
Department Department of Mechanical Design and Production Engineering
905 ## - Cataloger and Reviser Names
Cataloger Name Shimaa
Reviser Names Eman Ghareb
942 ## - ADDED ENTRY ELEMENTS (KOHA)
Source of classification or shelving scheme Dewey Decimal Classification
Koha item type Thesis
Edition 21
Suppress in OPAC No
المقتنيات
Source of classification or shelving scheme Home library Current library Date acquired Inventory number Full call number Barcode Date last seen Effective from Koha item type
Dewey Decimal Classification المكتبة المركزبة الجديدة - جامعة القاهرة قاعة الرسائل الجامعية - الدور الاول 14.02.2026 93373 Cai01.13.13.Ph.D.2025.Ma.R 01010110093373000 14.02.2026 14.02.2026 Thesis
Cairo University Libraries Portal Implemented & Customized by: Eng. M. Mohamady Contacts: new-lib@cl.cu.edu.eg | cnul@cl.cu.edu.eg
CUCL logo CNUL logo
© All rights reserved — Cairo University Libraries
CUCL logo
Implemented & Customized by: Eng. M. Mohamady Contact: new-lib@cl.cu.edu.eg © All rights reserved — New Central Library
CNUL logo
Implemented & Customized by: Eng. M. Mohamady Contact: cnul@cl.cu.edu.eg © All rights reserved — Cairo National University Library